000 00582nam a2200205Ia 4500
005 20250507130239.0
008 008 250505s9999 xx 000 0 eng d
037 _aSeries Article
040 _aEASL
_beng
_cEASL
041 _aeng
_2eng
084 _qEASL
100 _aMead Robert W
_9669073
245 0 _aEnvironmental cleanup and health gains from beijing's green olympics
260 _aUK
_bUK Cambridge Univesity Press UK
_c2008
300 _a275-293
650 _aChina
700 _aBrajer Victor
_9669074
942 _cSRA
999 _c1318544
_d1318544